A T-Com szponzorációs tevékenysége
Elmentve itt :
| Szerző: | |
|---|---|
| További közreműködők: | |
| Dokumentumtípus: | Szakdolgozat |
| Megjelent: |
2006
|
| Tárgyszavak: | |
| Online Access: | http://diploma.bibl.u-szeged.hu/39241 |
| LEADER | 00552nta a2200157 i 4500 | ||
|---|---|---|---|
| 001 | dipl39241 | ||
| 005 | 20130516152159.0 | ||
| 008 | 130515s2006 hu om 0|| hun d | ||
| 040 | |a SZTE Diploma Repozitórium |b hun | ||
| 041 | |a hun | ||
| 100 | 1 | |a Odri Orsolya Anikó | |
| 245 | 1 | 2 | |a A T-Com szponzorációs tevékenysége |h [elektronikus dokumentum] / |c Orsolya Anikó Odri |
| 260 | |c 2006 | ||
| 650 | 4 | |a Bölcsészettudományok | |
| 700 | 1 | |a Csekő Melinda |e ths | |
| 856 | 4 | 0 | |u http://diploma.bibl.u-szeged.hu/id/eprint/39241/1/2006_odri_orsolya_aniko.pdf |z Dokumentum-elérés |